000 00892pab a2200181 454500
008 180718b2014 xxu||||| |||| 00| 0 eng d
100 _aAgrawal, Ankush
245 _aInfirmities in NSSO data for Nagaland
260 _c2014
300 _ap.20-22.
362 _a22 Mar
520 _aThe samples of the National Sample Survey Office are unlikely to be representative of Nagaland. This is so not because of the size of the sample, but because of the arbitrary restriction to villages within 5 kms of bus routes, whereas the bulk of the rural and tribal population is located farther from the roads. Further, it is argued that the Census of India data, which is used as the sampling frame, is found to be unreliable for Nagaland. - Reproduced.
650 _aNational Sample Survey
700 _aVikas Kumar
773 _aEconomic and Political Weekly
908 _aN
909 _a103475
999 _c103471
_d103471